000 00677nam a2200217 i 4500
001 bgj
100 1 _aLAWDAY, Cathy
245 1 0 _aWinners :
_bpodręcznik dla szkoły podstawowej : student's book /
_cCathy Lawday ; Mark Hancock ; konsultacja: Małgorzata Tetiurka.
260 _aOxford :
_bOxford University Press,
_c2004.
300 _a79 pp :
_bill. ;
_c30 cm.
650 9 _aEnglish language
655 _aTextbooks for foreigners
700 1 _aHANCOCK, Mark.
_eco-author
700 1 _aTETIURKA, Małgrzata.
_econs.
020 _a019438800X
040 _cBPK
041 0 _aeng
920 _a0-19-438800-X
942 _cKS
008 s uk f |000 0 eng
999 _c48951
_d48951